| 000 -LEADER |
| fixed length control field |
02911nmm a22002297a 4500 |
| 003 - CONTROL NUMBER IDENTIFIER |
| control field |
OSt |
| 005 - DATE AND TIME OF LATEST TRANSACTION |
| control field |
20240417120740.0 |
| 008 - FIXED-LENGTH DATA ELEMENTS--GENERAL INFORMATION |
| fixed length control field |
191018e xxu|||||o||d| 00| 0 spa d |
| 020 ## - INTERNATIONAL STANDARD BOOK NUMBER |
| International Standard Book Number |
9789873008276 |
| 040 ## - CATALOGING SOURCE |
| Transcribing agency |
PJ |
| 245 10 - TITLE STATEMENT |
| Title |
Revista Laboral : |
| Remainder of title |
procedimiento laboral - IV / |
| Statement of responsibility, etc |
Mario E. Ackerman director. |
| 260 ## - PUBLICATION, DISTRIBUTION, ETC. (IMPRINT) |
| Place of publication, distribution, etc |
Santa Fé : |
| Name of publisher, distributor, etc |
Rubinzal Culzoni, |
| Date of publication, distribution, etc |
2017. |
| 300 ## - PHYSICAL DESCRIPTION |
| Extent |
536 p. |
| Dimensions |
22 cm. |
| 310 ## - CURRENT PUBLICATION FREQUENCY |
| Current publication frequency |
semestral |
| 362 ## - DATES OF PUBLICATION AND/OR SEQUENTIAL DESIGNATION |
| Dates of publication and/or sequential designation |
No. 2 (2017) |
| 500 ## - GENERAL NOTE |
| General note |
Extensión de condena, ¿incidente o proceso?, por Jorge A. Rojas; <br/>Proceso y verdad, por Mariano Candal; <br/>La traba de la litis y el principio de congruencia, por Alejandro H. Perugini; <br/>Consideraciones sobre la competencia territorial y la garantía constitucional del juez natural, por Diego Fernando Manauta; <br/>El recurso de inaplicabilidad de la ley y los fallos plenarios frente a la ley 26.853, por Silvia E. Pinto Varela; <br/>Reflexiones sobre la doble instancia en la ley 18.345, su sistema recursivo, el relativo valor dado a las sentencias de primera instancia y el anegamiento de la Cámara Nacional de Apelaciones del Trabajo de la Capital Federal, por Miguel Ángel Maza;<br/>Reflexiones sobre el impulso de oficio y la crisis del fuero Nacional del Trabajo, por María Isabel Sforsini y Guido A. Seren Novoa; <br/>¿Tiene fundamento normativo la pretendida aptitud jurisdiccional de las Comisiones Médicas en las provincias que no adhieran al Título I de la ley 27.348?, por Mario E. Ackerman; <br/>Sobre las Comisiones Médicas y el (in)debido proceso, por José Daniel Machado; <br/>El modelo cordobés de procedimiento en riesgos de trabajo : honor o humor, por César Arese; <br/>El procedimiento laboral en la Provincia de Córdoba de única instancia, por Daniel Horacio Brain; <br/>La audiencia de trámite en el procedimiento laboral de la Provincia de Santa Fe, en la práctica, ¿concreta sus propósitos?, por Mariana Victoria García; <br/>El proceso declarativo de trámite abreviado en el Código Procesal Laboral de la Provincia de Santa Fe : análisis desde la implementación del sistema, por Sebastián Coppoletta; <br/>El recurso extraordinario de inaplicabilidad de ley en el procedimiento laboral de la Provincia de Buenos Aires, por Diego J. Tula; Recurso extraordinario de nulidad en la Provincia de Buenos Aires, por Osvaldo Maddaloni; <br/>Temas de procedimientos en Mendoza, por Daniela Favier; <br/>Caducidad de instancia vs. prescripción por desistimiento tácito de la instancia en el proceso laboral de la Provincia de Mendoza, por Carlos Alberto Livellara. <br/>Jurisprudencia Sumarios y sistematización de fallos, por María Isabel Sforsini y Diego Guirado.<br/><br/> |
| 650 #0 - SUBJECT ADDED ENTRY--TOPICAL TERM |
| 9 (RLIN) |
1316 |
| Topical term or geographic name as entry element |
DERECHO LABORAL |
| 650 #0 - SUBJECT ADDED ENTRY--TOPICAL TERM |
| 9 (RLIN) |
1514 |
| Topical term or geographic name as entry element |
PROCEDIMIENTO LABORAL |
| 700 ## - ADDED ENTRY--PERSONAL NAME |
| 9 (RLIN) |
1423 |
| Personal name |
Ackermann, Mario Eduardo |
| Función |
director |
| 856 ## - ELECTRONIC LOCATION AND ACCESS |
| Uniform Resource Identifier |
<a href="https://www.rubinzal.com.ar/revistas/revista-de-derecho-laboral/5/?menupc=1">https://www.rubinzal.com.ar/revistas/revista-de-derecho-laboral/5/?menupc=1</a> |
| Link text |
Revista Derecho Laboral |
| 942 ## - ADDED ENTRY ELEMENTS (KOHA) |
| Source of classification or shelving scheme |
|
| Koha item type |
Publicaciones Periódicas |